| 000 | 00670nam a2200241Ia 4500 | ||
|---|---|---|---|
| 003 | OSt | ||
| 005 | 20220927110739.0 | ||
| 006 | a|||||r|||| 00| 0 | ||
| 007 | ta | ||
| 008 | 220926b |||||||| |||| 00| 0 eng d | ||
| 024 | _a112131 | ||
| 037 | _cReports | ||
| 040 |
_aRTL _cRTL _beng |
||
| 041 |
_2eng _aeng |
||
| 082 | _a"Q6:65.255.N54t, J6" | ||
| 111 |
_aCHRISTIAN MISSION(Enquiry committee) (1954 : MADHYA BHARAT) _9380103 |
||
| 245 | 0 | _aReport | |
| 260 |
_aIndore _bGovt Press India _c1956 |
||
| 300 |
_a100p _ccm. |
||
| 650 |
_aChristianty _9362023 |
||
| 942 |
_h"Q6:65.255.N54t, J6" _cCC |
||
| 999 |
_c697813 _d697813 |
||